[Event "BL 0405 SF Katernberg - Solinger SG"]
[Site "?"]
[Date "2004.11.28"]
[Round "4.6"]
[White "Kritz, Leonid"]
[Black "Drabke, Lorenz Maximilian"]
[Result "1/2-1/2"]
[WhiteElo "2543"]
[BlackElo "2433"]
[PlyCount "33"]
[EventDate "2004.??.??"]

1. e4 c5 2. Nf3 e6 3. d4 cxd4 4. Nxd4 a6 5. Nc3 b5 6. Bd3 Qb6 7. Nf3 Nc6 8. O-O
Qb8 9. a4 b4 10. Ne2 Bc5 11. b3 Nge7 12. Bb2 O-O 13. Qd2 f6 14. Ng3 Bb7 15. Qe2
Ng6 16. Nh5 Qc7 17. Rad1 1/2-1/2

[Event "BL 0405 SF Katernberg - Solinger SG"]
[Site "?"]
[Date "2004.11.28"]
[Round "4.7"]
[White "Emms, John M"]
[Black "Scholz, Christian"]
[Result "1/2-1/2"]
[WhiteElo "2504"]
[BlackElo "2396"]
[PlyCount "39"]
[EventDate "2004.??.??"]

1. e4 c5 2. Nf3 d6 3. d4 cxd4 4. Nxd4 Nf6 5. Nc3 a6 6. Bc4 e6 7. O-O b5 8. Bb3
Be7 9. Qf3 Qb6 10. Be3 Qb7 11. Qg3 b4 12. Na4 Nbd7 13. f3 O-O 14. Rac1 Ne5 15.
c3 Bd7 16. Nb6 Nh5 17. Qh3 Nf4 18. Bxf4 Qxb6 19. Be3 Qb7 20. cxb4 1/2-1/2

[Event "BL 0405 SF Katernberg - Solinger SG"]
[Site "?"]
[Date "2004.11.28"]
[Round "4.8"]
[White "Souleidis, Georgios"]
[Black "Wegerle, Joerg"]
[Result "0-1"]
[WhiteElo "2401"]
[BlackElo "2343"]
[PlyCount "104"]
[EventDate "2004.??.??"]

1. e4 e6 2. d4 d5 3. Nc3 dxe4 4. Nxe4 Bd7 5. Nf3 Bc6 6. Bd3 Nd7 7. O-O Be7 8.
Re1 Ngf6 9. Ng3 O-O 10. c4 Bxf3 11. Qxf3 c6 12. Re2 Re8 13. Bd2 Qb6 14. Be3 Qa5
15. a3 Bf8 16. Bd2 Qd8 17. Bc3 g6 18. b4 Bg7 19. a4 Qc7 20. Rae1 Rac8 21. Bb2
a5 22. b5 Red8 23. h4 c5 24. d5 exd5 25. Re7 d4 26. h5 Re8 27. hxg6 hxg6 28.
Kf1 Rxe7 29. Rxe7 Re8 30. Qe2 Rxe7 31. Qxe7 Bf8 32. Qe1 b6 33. Bc1 Bd6 34. Bg5
Bxg3 35. fxg3 Kg7 36. Bf4 Qd8 37. Qe2 Qh8 38. Kg1 Qe8 39. Qf2 Ng4 40. Qe2 Qxe2
41. Bxe2 Nge5 42. Kf2 f5 43. g4 fxg4 44. Bg5 Nf6 45. Ke1 Kf7 46. Bh4 Ke6 47.
Kd1 Ne4 48. Bd8 Nc3+ 49. Ke1 Nxe2 50. Bxb6 Nxc4 51. Bxc5 d3 52. b6 Kd7 0-1

[Event "BL 0405 SV Mülheim Nord - SV Wattensche"]
[Site "?"]
[Date "2004.11.28"]
[Round "4.3"]
[White "Rustemov, Alexander"]
[Black "Levin, Felix"]
[Result "0-1"]
[WhiteElo "2602"]
[BlackElo "2498"]
[PlyCount "118"]
[EventDate "2004.??.??"]

1. d4 Nf6 2. Nf3 d5 3. c4 e6 4. Nc3 dxc4 5. e4 Bb4 6. Bg5 c5 7. e5 h6 8. Bd2
Bxc3 9. bxc3 Ne4 10. Bxc4 O-O 11. O-O Nxd2 12. Qxd2 Nc6 13. Bd3 cxd4 14. cxd4
b6 15. Be4 Bb7 16. Rad1 Rb8 17. Rfe1 Ne7 18. h4 Bxe4 19. Rxe4 Rc8 20. Rg4 Kh8
21. h5 Qc7 22. Ne1 Nd5 23. Kh2 Qc4 24. Rg3 Nc3 25. Rc1 Qe2 26. Qxe2 Nxe2 27.
Rxc8 Rxc8 28. Ra3 a5 29. Rb3 Rc6 30. Nf3 Nc3 31. a3 Nd5 32. Nd2 Rc2 33. Ne4 f5
34. exf6 gxf6 35. Rg3 f5 36. Nd6 Rxf2 37. Rg6 Nf4 38. Rf6 Rxg2+ 39. Kh1 Rg5 40.
Rf8+ Kh7 41. Rf7+ Rg7 42. Rf8 Rd7 43. Nb5 Nxh5 44. Kg2 Kg7 45. Re8 Kf7 46. Rh8
Kg6 47. Re8 Nf4+ 48. Kf3 Kg5 49. Rg8+ Ng6 50. Rb8 e5 51. dxe5 Nxe5+ 52. Ke2 Nc4
53. Rc8 Rd2+ 54. Ke1 Rb2 55. a4 Ne5 56. Rf8 f4 57. Nd4 Rb4 58. Rg8+ Kf6 59.
Rf8+ Ke7 0-1

[Event "BL 0405 SV Mülheim Nord - SV Wattensche"]
[Site "?"]
[Date "2004.11.28"]
[Round "4.5"]
[White "Handke, Florian"]
[Black "Saltaev, Mihail"]
[Result "1/2-1/2"]
[WhiteElo "2467"]
[BlackElo "2485"]
[PlyCount "28"]
[EventDate "2004.??.??"]

1. d4 d5 2. c4 c6 3. Nf3 Nf6 4. Nc3 a6 5. c5 Nbd7 6. Bf4 Nh5 7. g3 g6 8. Qd2
Nxf4 9. gxf4 Nf6 10. e3 Bf5 11. Bd3 e6 12. Ne5 Ng4 13. Bxf5 Nxe5 14. fxe5 gxf5
1/2-1/2

[Event "BL 0405 SV Mülheim Nord - SV Wattensche"]
[Site "?"]
[Date "2004.11.28"]
[Round "4.6"]
[White "Lytchak, Alexander Dr"]
[Black "Appel, Ralf"]
[Result "1-0"]
[WhiteElo "2436"]
[BlackElo "2507"]
[PlyCount "79"]
[EventDate "2004.??.??"]

1. d4 Nf6 2. c4 e6 3. Nf3 Bb4+ 4. Bd2 Qe7 5. g3 Nc6 6. Bg2 Bxd2+ 7. Nbxd2 d6 8.
O-O O-O 9. e4 e5 10. d5 Nb8 11. Ne1 a5 12. Nd3 Na6 13. Qc2 c6 14. dxc6 bxc6 15.
c5 Nxc5 16. Nxc5 dxc5 17. Rfc1 Rd8 18. Nb3 Nd7 19. a4 c4 20. Qxc4 Nb8 21. Qc3
Qc7 22. Rd1 Re8 23. Rd5 Na6 24. Rxa5 Rb8 25. Ra3 Qd6 26. Bf1 Nb4 27. Ra1 h6 28.
Rc5 Be6 29. Na5 Na2 30. Qxe5 Qd2 31. Nxc6 Rxb2 32. Qd4 Qxd4 33. Nxd4 Bd7 34.
Rc7 Bxa4 35. Bc4 Rxe4 36. Rc8+ Kh7 37. Bd3 f5 38. Nxf5 Bd7 39. Bxe4 Bxc8 40.
Ne7+ 1-0

[Event "BL 0405 SV Mülheim Nord - SV Wattensche"]
[Site "?"]
[Date "2004.11.28"]
[Round "4.7"]
[White "Holzke, Frank Dr"]
[Black "Hausrath, Daniel"]
[Result "1-0"]
[WhiteElo "2492"]
[BlackElo "2478"]
[PlyCount "85"]
[EventDate "2004.??.??"]

1. e4 c5 2. Nf3 Nc6 3. d4 cxd4 4. Nxd4 Nf6 5. Nc3 e5 6. Ndb5 d6 7. Bg5 a6 8.
Na3 b5 9. Bxf6 gxf6 10. Nd5 f5 11. Bd3 Be6 12. O-O Bxd5 13. exd5 Ne7 14. Re1
Bg7 15. c3 Qc8 16. Qh5 Ra7 17. Rad1 e4 18. Bf1 Ng6 19. g3 Re7 20. Bh3 b4 21.
cxb4 Bxb2 22. Bxf5 Qc3 23. Re3 Qf6 24. Nc4 O-O 25. Rxe4 Rxe4 26. Bxe4 Bc3 27.
a3 Rc8 28. Ne3 Bb2 29. Ng4 Qe7 30. Nh6+ Kh8 31. Qf3 Rc7 32. h4 Bc1 33. Nxf7+
Kg7 34. Bxg6 hxg6 35. Ng5 Bxg5 36. hxg5 Qxg5 37. Kg2 Qe5 38. Rd3 Rf7 39. Qe3
Qf5 40. Qd4+ Kh7 41. g4 Qf6 42. Qxf6 Rxf6 43. Rf3 1-0

[Event "BL 0405 SC Kreuzberg - TV Tegernsee"]
[Site "?"]
[Date "2004.11.28"]
[Round "4.2"]
[White "Almasi, Zoltan"]
[Black "Sokolov, Andrei"]
[Result "1/2-1/2"]
[WhiteElo "2650"]
[BlackElo "2591"]
[PlyCount "61"]
[EventDate "2004.??.??"]

1. e4 c5 2. Nf3 e6 3. d4 cxd4 4. Nxd4 Nf6 5. Nc3 d6 6. Be3 a6 7. f3 b5 8. g4 b4
9. Nce2 e5 10. Nb3 Be6 11. Ng3 h5 12. g5 Nfd7 13. Qd2 a5 14. h4 g6 15. a3 bxa3
16. Rxa3 a4 17. Bb5 Be7 18. Rxa4 Rxa4 19. Bxa4 O-O 20. Bb5 Qc7 21. O-O Rc8 22.
Rc1 Nc6 23. Ne2 Nc5 24. Bxc6 Qxc6 25. Nxc5 dxc5 26. Qc3 Qb5 27. Kf2 c4 28. Bd2
Rd8 29. Ra1 Bc5+ 30. Kg2 Qd7 31. Rd1 1/2-1/2

[Event "BL 0405 SC Kreuzberg - TV Tegernsee"]
[Site "?"]
[Date "2004.11.28"]
[Round "4.4"]
[White "Maiwald, Jens-Uwe"]
[Black "Bischoff, Klaus"]
[Result "1/2-1/2"]
[WhiteElo "2514"]
[BlackElo "2559"]
[PlyCount "27"]
[EventDate "2004.??.??"]

1. e4 c5 2. d3 e6 3. Nf3 Nc6 4. g3 d5 5. Nbd2 Bd6 6. Bg2 Nge7 7. O-O d4 8. c3
e5 9. cxd4 cxd4 10. Nh4 O-O 11. f4 exf4 12. gxf4 Ng6 13. Nxg6 fxg6 14. Qb3+
1/2-1/2

[Event "BL 0405 SC Kreuzberg - TV Tegernsee"]
[Site "?"]
[Date "2004.11.28"]
[Round "4.5"]
[White "Boensch, Uwe"]
[Black "Kalinitschew, Sergey"]
[Result "1-0"]
[WhiteElo "2540"]
[BlackElo "2533"]
[PlyCount "101"]
[EventDate "2004.??.??"]

1. d4 Nf6 2. c4 g6 3. g3 Bg7 4. Bg2 O-O 5. Nc3 d6 6. e4 Nbd7 7. Nge2 e5 8. d5
a5 9. O-O Nc5 10. h3 c6 11. Be3 cxd5 12. cxd5 Bd7 13. Rb1 b5 14. b4 axb4 15.
Rxb4 Qa5 16. Qb1 Rfb8 17. Bd2 Ne8 18. Rb2 b4 19. Nd1 Qa6 20. Nc1 f5 21. f3 Qc8
22. Nf2 fxe4 23. fxe4 Ra3 24. Kh2 b3 25. axb3 Bb5 26. Re1 Rba8 27. Ra2 Qa6 28.
Rxa3 Qxa3 29. Nd1 Nc7 30. Nc3 Rf8 31. b4 Nd7 32. Nxb5 Nxb5 33. Qd3 Qa4 34. Ne2
Nd4 35. Rf1 Rxf1 36. Bxf1 Qd1 37. Nxd4 exd4 38. Bf4 Qe1 39. Qb5 h6 40. Bg2 Ne5
41. Qb8+ Kh7 42. Qxd6 d3 43. Qe7 Kg8 44. Bxe5 Bxe5 45. Qe8+ Kh7 46. Qxe5 d2 47.
Qc7+ Kg8 48. Qb8+ Kf7 49. Qa7+ Kf8 50. Bf3 h5 51. Qd4 1-0

[Event "BL 0405 SC Kreuzberg - TV Tegernsee"]
[Site "?"]
[Date "2004.11.28"]
[Round "4.6"]
[White "Volke, Karsten"]
[Black "Kindermann, Stefan"]
[Result "1/2-1/2"]
[WhiteElo "2483"]
[BlackElo "2536"]
[PlyCount "30"]
[EventDate "2004.??.??"]

1. Nf3 d5 2. d4 Nf6 3. c4 c6 4. Nc3 a6 5. c5 Bf5 6. Bf4 e6 7. e3 Nbd7 8. Nd2
Be7 9. Be2 h6 10. b4 O-O 11. O-O Qc8 12. Nb3 Bd8 13. a4 Bc7 14. Bxc7 Qxc7 15.
f4 b6 1/2-1/2

[Event "BL 0405 SC Kreuzberg - TV Tegernsee"]
[Site "?"]
[Date "2004.11.28"]
[Round "4.8"]
[White "Lau, Ralf"]
[Black "Stangl, Markus"]
[Result "1-0"]
[WhiteElo "2481"]
[BlackElo "2478"]
[PlyCount "81"]
[EventDate "2004.??.??"]

1. e4 c5 2. Nf3 d6 3. d4 cxd4 4. Nxd4 Nf6 5. f3 e6 6. c4 Be7 7. Nc3 b6 8. Be3
Bb7 9. Be2 Nbd7 10. Qd2 Ne5 11. O-O Rc8 12. b3 O-O 13. Rfd1 d5 14. exd5 exd5
15. Nf5 dxc4 16. Qxd8 Bxd8 17. Nd6 Rb8 18. bxc4 Be7 19. Ncb5 a6 20. Nc7 Rfd8
21. Nxb7 Rxd1+ 22. Rxd1 Rxb7 23. Nxa6 Ned7 24. Kf2 h6 25. a4 Ra7 26. c5 Bxc5
27. Nxc5 Nxc5 28. Bxc5 bxc5 29. Rd8+ Kh7 30. Bb5 c4 31. Ke1 c3 32. Kd1 Rc7 33.
a5 c2+ 34. Kc1 Rc5 35. a6 Rxb5 36. a7 Ra5 37. a8=Q Rxa8 38. Rxa8 Nd5 39. g3 Ne3
40. Re8 Nf5 41. Re4 1-0

[Event "BL 0405 SFR Neukölln - Stuttgarter Sfr"]
[Site "?"]
[Date "2004.11.28"]
[Round "4.2"]
[White "Brynell, Stellan"]
[Black "Berezovsky, Igor"]
[Result "1/2-1/2"]
[WhiteElo "2473"]
[BlackElo "2434"]
[PlyCount "70"]
[EventDate "2004.??.??"]

1. d4 Nf6 2. c4 g6 3. g3 c6 4. Bg2 d5 5. cxd5 cxd5 6. Nf3 Bg7 7. Nc3 O-O 8. Ne5
e6 9. Bg5 h6 10. Bf4 Nfd7 11. Qd2 Nxe5 12. Bxe5 Nc6 13. Bxg7 Kxg7 14. O-O Qe7
15. Rac1 Bd7 16. Rfd1 Rfd8 17. h4 Rac8 18. Qf4 Be8 19. Rd2 b6 20. e3 Na5 21.
Rdc2 g5 22. hxg5 hxg5 23. Qf3 Nc4 24. e4 dxe4 25. Nxe4 Rxd4 26. Qe2 Bb5 27. Qh5
Rh8 28. Qxg5+ Qxg5 29. Nxg5 Rhd8 30. Bf1 Rd1 31. Rxc4 Bxc4 32. Rxc4 Rb1 33. Kg2
Rdd1 34. Be2 Rd2 35. Bf1 Rdd1 1/2-1/2

[Event "BL 0405 SFR Neukölln - Stuttgarter Sfr"]
[Site "?"]
[Date "2004.11.28"]
[Round "4.3"]
[White "Reuss, Andreas"]
[Black "Polzin, Rainer"]
[Result "1/2-1/2"]
[WhiteElo "2356"]
[BlackElo "2517"]
[PlyCount "104"]
[EventDate "2004.??.??"]

1. d4 Nf6 2. c4 g6 3. Nc3 Bg7 4. e4 d6 5. f3 O-O 6. Be3 Nbd7 7. Qd2 c5 8. d5 a6
9. a4 Qa5 10. Nh3 Ne5 11. Nf2 e6 12. Be2 b5 13. cxb5 exd5 14. exd5 axb5 15.
Nxb5 Nxd5 16. Qxa5 Rxa5 17. Bd2 Nb4 18. Nxd6 Rd8 19. Nfe4 f5 20. Bg5 Rf8 21.
Be7 Nc2+ 22. Kf2 fxe4 23. Bxf8 e3+ 24. Kg3 Kxf8 25. Nxc8 Nxa1 26. Rxa1 Nc6 27.
f4 Bxb2 28. Rb1 Bg7 29. Bb5 Nd4 30. Nd6 Ra7 31. Ne4 Re7 32. Nxc5 e2 33. Nd3
Nf5+ 34. Kf2 Bd4+ 35. Ke1 Bc3+ 36. Kf2 Nd4 37. Ne1 Bd2 38. Bd3 Bxf4 39. Nf3
Be3+ 40. Ke1 Nxf3+ 41. gxf3 Bf4 42. Be4 Ra7 43. Rb4 Bxh2 44. Kxe2 Kg7 45. Bc2
Bd6 46. Rb6 Bc7 47. Rb5 Bd8 48. Rd5 Bb6 49. Rd6 Bc5 50. Rc6 Bg1 51. Kd3 Bh2 52.
Re6 Rf7 1/2-1/2

[Event "BL 0405 SFR Neukölln - Stuttgarter Sfr"]
[Site "?"]
[Date "2004.11.28"]
[Round "4.4"]
[White "Borriss, Martin Dr"]
[Black "Vujic, Branimir"]
[Result "1-0"]
[WhiteElo "2439"]
[BlackElo "2360"]
[PlyCount "83"]
[EventDate "2004.??.??"]

1. e4 d5 2. exd5 Nf6 3. d4 Nxd5 4. Nf3 Bf5 5. g3 Nb4 6. Na3 Qd5 7. Bg2 Qe4+ 8.
Kf1 N8c6 9. c3 Qd3+ 10. Qxd3 Nxd3 11. d5 Nce5 12. Nxe5 Nxe5 13. Be3 O-O-O 14.
Rd1 e6 15. Bd4 Bg4 16. Ra1 Nf3 17. h3 Bh5 18. Be3 Ne5 19. g4 Bg6 20. dxe6 fxe6
21. f4 Bxa3 22. bxa3 Nc4 23. Bd4 Rd7 24. Kf2 b6 25. Bc6 Rd6 26. Bb5 Nxa3 27.
Ba6+ Kd7 28. Bxg7 Rg8 29. Be5 Rd5 30. Rad1 c6 31. c4 Rxd1 32. Rxd1+ Ke8 33. Rd6
Kf7 34. Rd7+ Ke8 35. Rxa7 Bd3 36. c5 b5 37. Bb7 Nc4 38. Bxc6+ Kf8 39. Bf6 Rg6
40. g5 h6 41. Ra8+ Kf7 42. Be8+ 1-0

[Event "BL 0405 SFR Neukölln - Stuttgarter Sfr"]
[Site "?"]
[Date "2004.11.28"]
[Round "4.5"]
[White "Vuckovic, Aleksandar"]
[Black "Berndt, Stephan"]
[Result "1/2-1/2"]
[WhiteElo "2325"]
[BlackElo "2438"]
[PlyCount "51"]
[EventDate "2004.??.??"]

1. e4 c5 2. Nf3 d6 3. d4 cxd4 4. Nxd4 Nf6 5. Nc3 g6 6. Be2 Bg7 7. Nb3 Nc6 8.
Be3 Be6 9. f4 Qc8 10. h3 a5 11. a4 Nb4 12. O-O O-O 13. Bf3 Rd8 14. Rf2 d5 15.
e5 Ne4 16. Bxe4 dxe4 17. Rd2 Bxb3 18. Rxd8+ Qxd8 19. cxb3 g5 20. g3 Qd3 21.
Qxd3 exd3 22. Rd1 gxf4 23. gxf4 f6 24. Bc5 fxe5 25. fxe5 Bxe5 26. Bxe7 1/2-1/2

[Event "BL 0405 SFR Neukölln - Stuttgarter Sfr"]
[Site "?"]
[Date "2004.11.28"]
[Round "4.6"]
[White "Thiede, Lars"]
[Black "Lorscheid, Gerhard"]
[Result "1/2-1/2"]
[WhiteElo "2442"]
[BlackElo "2274"]
[PlyCount "86"]
[EventDate "2004.??.??"]

1. g3 d5 2. Bg2 Nf6 3. Nf3 c6 4. b3 Bf5 5. Bb2 Nbd7 6. O-O e6 7. d3 Bc5 8. Nbd2
O-O 9. a3 a5 10. Ra2 Qe7 11. Qa1 Rfd8 12. h3 h6 13. c4 Bh7 14. Bc3 Qf8 15. Rb1
Bd6 16. b4 axb4 17. Bxb4 c5 18. Bc3 d4 19. Bb2 Bc7 20. Ne1 Ra7 21. Bc1 Ba5 22.
Rb3 b6 23. Nc2 Bc3 24. Qb1 Qd6 25. a4 Qe7 26. Nf1 e5 27. e4 Rda8 28. Rba3 Bb4
29. Nxb4 cxb4 30. Rb3 Nc5 31. Rxb4 Nxd3 32. Rxb6 Nxc1 33. Qxc1 Bxe4 34. Nd2
Bxg2 35. Kxg2 Nd7 36. Rb5 e4 37. Nb3 d3 38. a5 Ne5 39. Nd2 Nc6 40. Qe1 Nxa5 41.
Ra4 Nc6 42. Rxa7 Nxa7 43. Rf5 Re8 1/2-1/2

[Event "BL 0405 SFR Neukölln - Stuttgarter Sfr"]
[Site "?"]
[Date "2004.11.28"]
[Round "4.7"]
[White "Heinatz, Thomas"]
[Black "Schwarz, Michael"]
[Result "1/2-1/2"]
[WhiteElo "2281"]
[BlackElo "2408"]
[PlyCount "33"]
[EventDate "2004.??.??"]

1. e4 g6 2. d4 Bg7 3. Nc3 c6 4. Bc4 d6 5. Qf3 e6 6. Nge2 Nd7 7. O-O b5 8. Bb3
Ne7 9. Bg5 a5 10. a3 Ba6 11. Rfd1 O-O 12. Qg3 d5 13. Qe3 Re8 14. Ng3 b4 15. Na4
Bb5 16. h3 Rb8 17. e5 1/2-1/2

[Event "BL 0405 SFR Neukölln - Stuttgarter Sfr"]
[Site "?"]
[Date "2004.11.28"]
[Round "4.8"]
[White "Rudolf, Henrik"]
[Black "Fritsch, Rolf"]
[Result "1-0"]
[WhiteElo "2322"]
[BlackElo "2234"]
[PlyCount "37"]
[EventDate "2004.??.??"]

1. e4 g6 2. d4 Bg7 3. Nc3 c6 4. Nf3 d5 5. h3 dxe4 6. Nxe4 Nd7 7. Bc4 Ngf6 8.
Nxf6+ Nxf6 9. O-O O-O 10. Re1 a5 11. a4 Nd5 12. c3 h6 13. Ne5 Kh7 14. h4 f6 15.
Nd3 e6 16. Nc5 Re8 17. h5 g5 18. Bd3+ f5 19. Nxe6 1-0

[Event "BL 0405 SV Werder Bremen - SC Eppingen"]
[Site "?"]
[Date "2004.11.28"]
[Round "4.2"]
[White "Hracek, Zbynek"]
[Black "Acs, Peter"]
[Result "1/2-1/2"]
[WhiteElo "2595"]
[BlackElo "2521"]
[PlyCount "66"]
[EventDate "2004.??.??"]

1. e4 e5 2. Nf3 Nc6 3. Bb5 a6 4. Ba4 Nf6 5. O-O Be7 6. Re1 b5 7. Bb3 d6 8. c3
O-O 9. h3 Na5 10. Bc2 c5 11. d4 Qc7 12. d5 Nc4 13. b3 Nb6 14. a4 Bd7 15. a5 Nc8
16. b4 c4 17. Nbd2 g6 18. Nf1 Nh5 19. Bh6 Re8 20. Qd2 Bf6 21. Ng3 Ng7 22. Ng5
Rf8 23. Nf1 Ne7 24. Nh2 Kh8 25. Ng4 Bxg4 26. hxg4 Ng8 27. Nf3 Qd7 28. Nh2 Nxh6
29. Qxh6 Qe7 30. Nf3 Qd7 31. Nh2 Qe7 32. Nf3 Qd7 33. Nh2 Qe7 1/2-1/2

[Event "BL 0405 SV Werder Bremen - SC Eppingen"]
[Site "?"]
[Date "2004.11.28"]
[Round "4.4"]
[White "Efimenko, Zahar"]
[Black "Braun, Arik"]
[Result "1-0"]
[WhiteElo "2594"]
[BlackElo "2480"]
[PlyCount "115"]
[EventDate "2004.??.??"]

1. e4 c5 2. Nf3 e6 3. d4 cxd4 4. Nxd4 a6 5. Nc3 b5 6. Bd3 Qb6 7. Nf3 Nc6 8. O-O
Nge7 9. Re1 Qb8 10. e5 Bb7 11. h4 Ng6 12. Be4 d5 13. exd6 Bxd6 14. Ng5 Nce5 15.
Bf4 Qc7 16. Bxe5 Bxe5 17. Qg4 Bxc3 18. bxc3 O-O-O 19. Qe2 h6 20. Nf3 Ne7 21. a4
Qc4 22. Bxb7+ Kxb7 23. Qe5 Nd5 24. axb5 axb5 25. Qxg7 Qf4 26. Ne5 Rdf8 27. Nd3
Qc4 28. Qe5 Rc8 29. Ra5 Nxc3 30. Rea1 Qd4 31. Qxd4 Ne2+ 32. Kf1 Nxd4 33. Ra7+
Kc6 34. Ne5+ Kc5 35. Nxf7 Rh7 36. c3 Nb3 37. R1a6 Nd2+ 38. Ke1 Nb1 39. Rxe6
Nxc3 40. Re5+ Kb4 41. g4 Kb3 42. Kd2 Rc4 43. f3 b4 44. Rb7 Nb1+ 45. Kd3 Rc3+
46. Ke2 Na3 47. Nd6 Rxb7 48. Nxb7 Kc2 49. Nc5 Nb5 50. Ne6 Nd6 51. Nd4+ Kb2 52.
Re6 Nc4 53. h5 b3 54. Rxh6 Kc1 55. Nxb3+ Rxb3 56. Rc6 Rc3 57. h6 Rc2+ 58. Ke1
1-0

[Event "BL 0405 SV Werder Bremen - SC Eppingen"]
[Site "?"]
[Date "2004.11.28"]
[Round "4.5"]
[White "Schulze, Ulrich"]
[Black "Babula, Vlastimil"]
[Result "0-1"]
[WhiteElo "2333"]
[BlackElo "2571"]
[PlyCount "102"]
[EventDate "2004.??.??"]

1. d4 Nf6 2. Nf3 e6 3. c4 b6 4. g3 Ba6 5. Qa4 Bb7 6. Bg2 c5 7. dxc5 Bxc5 8. O-O
O-O 9. Nc3 Be7 10. Bg5 Qc8 11. Rac1 Na6 12. Qd1 Rd8 13. Qd2 Nc5 14. Bxf6 Bxf6
15. b4 Ne4 16. Nxe4 Bxe4 17. Nd4 Bxg2 18. Kxg2 Qb7+ 19. Nf3 d5 20. cxd5 Rxd5
21. Qc2 a5 22. a3 axb4 23. axb4 Rd4 24. b5 Rd5 25. Qc6 Qxc6 26. bxc6 Rc8 27. c7
Be7 28. Rc6 Bc5 29. Ra1 Kf8 30. e4 Rd7 31. Ra7 Ke7 32. Rb7 Rd6 33. Rb8 Rxc6 34.
Rxc8 Bd6 35. Rg8 Rxc7 36. e5 Ba3 37. Rxg7 h6 38. Nd4 Bb2 39. Rg4 Rc5 40. Nb3
Rb5 41. Nd4 Rc5 42. Re4 b5 43. Kf3 b4 44. Ke2 Bxd4 45. Rxd4 Rxe5+ 46. Kd3 Rd5
47. Kc4 Rxd4+ 48. Kxd4 Kf6 49. Kc4 Ke5 50. f3 b3 51. Kxb3 Kd4 0-1

[Event "BL 0405 SV Werder Bremen - SC Eppingen"]
[Site "?"]
[Date "2004.11.28"]
[Round "4.6"]
[White "Fish, Gennadij"]
[Black "Koch, Wolfgang Max Dr"]
[Result "1-0"]
[WhiteElo "2523"]
[BlackElo "2330"]
[PlyCount "147"]
[EventDate "2004.??.??"]

1. Nf3 d6 2. d4 g6 3. c4 f5 4. g3 Nf6 5. Bg2 Bg7 6. b3 O-O 7. Bb2 c6 8. O-O Na6
9. Nbd2 e5 10. dxe5 Ng4 11. c5 Nxe5 12. Nxe5 Bxe5 13. Bxe5 dxe5 14. Rc1 Qe7 15.
b4 Nxb4 16. Qb3+ Nd5 17. Bxd5+ cxd5 18. Qxd5+ Qe6 19. Qc4 Bd7 20. e4 Qxc4 21.
Nxc4 Bb5 22. exf5 Rxf5 23. Rfe1 Bxc4 24. Rxc4 Rc8 25. Ree4 h5 26. h3 Rcf8 27.
Rc2 Rc8 28. Ra4 a6 29. c6 bxc6 30. Rxa6 Rf6 31. Ra5 Re6 32. Kf1 Kf7 33. Ke2 Ke7
34. Ke3 Rb8 35. Ra6 Rc8 36. Ke4 Rc7 37. a4 Kd7 38. Rb2 Kd6 39. a5 Ree7 40. Rab6
Ra7 41. a6 Re6 42. Ra2 Kc7 43. Rab2 Kd6 44. h4 Kc5 45. R2b5+ Kd6 46. Ra5 Kc7
47. Rb2 Re8 48. f3 Re7 49. Rba2 Kd6 50. R2a3 Re8 51. Re3 Re6 52. Kd3 Re8 53.
Kc4 Re6 54. Rd3+ Kc7 55. Kc5 Rf6 56. Re3 Rf5 57. Kb4 Kb6 58. Raxe5 Rxe5 59.
Rxe5 Rxa6 60. Re6 Kc7 61. Kb3 Rb6+ 62. Kc4 c5 63. Rxb6 Kxb6 64. g4 Kc6 65. g5
Kd6 66. f4 Ke6 67. Kxc5 Kf5 68. Kd6 Kg4 69. Ke6 Kxh4 70. f5 Kxg5 71. f6 h4 72.
f7 h3 73. f8=Q Kg4 74. Qf2 1-0

[Event "BL 0405 SV Werder Bremen - SC Eppingen"]
[Site "?"]
[Date "2004.11.28"]
[Round "4.7"]
[White "Schneider, Bernd"]
[Black "Schandorff, Lars"]
[Result "0-1"]
[WhiteElo "2293"]
[BlackElo "2510"]
[PlyCount "60"]
[EventDate "2004.??.??"]

1. e4 c5 2. Nf3 Nc6 3. d4 cxd4 4. Nxd4 Nf6 5. Nc3 e5 6. Ndb5 d6 7. Bg5 a6 8.
Bxf6 gxf6 9. Na3 b5 10. Nd5 f5 11. g3 Bg7 12. Bg2 fxe4 13. Bxe4 Be6 14. c3 Rc8
15. Qd3 Ne7 16. Nxe7 Qxe7 17. O-O Rc5 18. b4 Rc8 19. Rfc1 Qd7 20. Bd5 O-O 21.
Nb1 Kh8 22. Rd1 Bg4 23. Re1 f5 24. f3 e4 25. fxe4 f4 26. e5 Bxe5 27. gxf4 Rxf4
28. a4 Qg7 29. Kh1 Rf2 30. Ra2 Rcf8 0-1

[Event "BL 0405 SV Werder Bremen - SC Eppingen"]
[Site "?"]
[Date "2004.11.28"]
[Round "4.8"]
[White "Skripchenko-Lautier, Almira"]
[Black "Rau, Hannes"]
[Result "1/2-1/2"]
[WhiteElo "2474"]
[BlackElo "2384"]
[PlyCount "140"]
[EventDate "2004.??.??"]

1. e4 c5 2. Nc3 Nc6 3. Bb5 Nd4 4. Bc4 e6 5. Nf3 Ne7 6. Nxd4 cxd4 7. Ne2 Nc6 8.
d3 g6 9. Bf4 d6 10. Qd2 e5 11. Bg5 f6 12. Bh6 Qe7 13. c3 Bxh6 14. Qxh6 Bd7 15.
cxd4 Nxd4 16. Nxd4 exd4 17. Bd5 Bc6 18. O-O Bxd5 19. exd5 O-O-O 20. Rfe1 Qf7
21. Re6 Rhe8 22. Rae1 f5 23. Qc1+ Kb8 24. Qf4 Rf8 25. Qxd4 Rd7 26. Qf4 Rfd8 27.
h4 Qg7 28. R1e2 a6 29. Rc2 Qf8 30. Rc4 Qg7 31. Rb4 Ka8 32. a4 Rc8 33. Rxd6 Rdc7
34. Rdb6 Qe7 35. d6 Qe1+ 36. Kh2 Rd7 37. Qf3 Rc6 38. Rxc6 Qxb4 39. Rc8+ Ka7 40.
Qe3+ b6 41. Qe8 Qxd6+ 42. Kg1 Rc7 43. Ra8+ Kb7 44. Qb8+ Kc6 45. Rxa6 Kd5 46.
Qa8+ Kd4 47. g3 Rc6 48. Qe8 Kxd3 49. Ra7 Qd5 50. Re7 Rc1+ 51. Re1 Rxe1+ 52.
Qxe1 Qb3 53. Qc1 Qxa4 54. Qe3+ Kc2 55. Qxb6 Qa1+ 56. Kg2 Qxb2 57. Qxb2+ Kxb2
58. Kf3 Kc3 59. Kf4 Kd3 60. f3 Kd4 61. h5 gxh5 62. Kxf5 Ke3 63. f4 Kf3 64. Kg5
Kxg3 65. f5 h4 66. f6 h3 67. f7 h2 68. f8=Q h1=Q 69. Qb8+ Kf2 70. Qb2+ Ke3
1/2-1/2

[Event "BL 0405 Erfurter SK - SC Baden Oos"]
[Site "?"]
[Date "2004.11.28"]
[Round "4.3"]
[White "Dautov, Rustem"]
[Black "Machelett, Heiko"]
[Result "1-0"]
[WhiteElo "2623"]
[BlackElo "2401"]
[PlyCount "115"]
[EventDate "2004.??.??"]

1. d4 Nf6 2. c4 d6 3. Nf3 Bf5 4. Nc3 h6 5. g3 Nbd7 6. Bg2 c6 7. Nh4 Bh7 8. d5
cxd5 9. cxd5 Qa5 10. O-O g5 11. Nf3 Bg7 12. Nd4 Nc5 13. Nb3 Nxb3 14. Qxb3 O-O
15. Qxb7 Rfe8 16. Qb5 Qc7 17. e4 Rab8 18. Qe2 e6 19. Be3 exd5 20. exd5 Nd7 21.
Rac1 Qa5 22. Rfd1 Qb4 23. Rd2 Ne5 24. Nd1 Bf5 25. b3 Bg4 26. f3 Bd7 27. Qf2 Bb5
28. Nb2 Qa3 29. Bxa7 Rbc8 30. Rcd1 g4 31. Bd4 gxf3 32. Bxe5 Bxe5 33. Bxf3 Bc3
34. Rc2 Be1 35. Qg2 Qa7+ 36. Kh1 Rxc2 37. Qxc2 Qe3 38. Qg2 Bf2 39. Nc4 Bxc4 40.
bxc4 Qe1+ 41. Qf1 Qxf1+ 42. Rxf1 Bd4 43. Bh5 Re7 44. Rd1 Bc5 45. a4 Kg7 46. Ra1
Re4 47. Rf1 Rxc4 48. Rxf7+ Kg8 49. Rf4 Rc2 50. Re4 Kg7 51. Be2 Rd2 52. Bc4 Kf6
53. a5 Rb2 54. a6 Rd2 55. Re2 Rd4 56. Rc2 h5 57. h4 Rd1+ 58. Kg2 1-0

[Event "BL 0405 Erfurter SK - SC Baden Oos"]
[Site "?"]
[Date "2004.11.28"]
[Round "4.5"]
[White "Jobava, Baadur"]
[Black "Brueggemann, Joachim"]
[Result "1/2-1/2"]
[WhiteElo "2614"]
[BlackElo "2404"]
[PlyCount "108"]
[EventDate "2004.??.??"]

1. d4 Nf6 2. c4 e6 3. Nf3 Bb4+ 4. Bd2 Bxd2+ 5. Qxd2 d6 6. Nc3 Nc6 7. g3 O-O 8.
Bg2 h6 9. Rd1 Bd7 10. O-O Re8 11. e4 e5 12. d5 Ne7 13. Ne1 Ng6 14. Nd3 Nh7 15.
c5 Qg5 16. b4 Qh5 17. f3 f5 18. exf5 Qxf5 19. cxd6 cxd6 20. Ne4 Qf8 21. f4 exf4
22. Nxf4 Nxf4 23. Qxf4 Bb5 24. Qxf8+ Nxf8 25. Rfe1 Rad8 26. Rc1 Bd3 27. Kf2 Ng6
28. Rc7 Ne5 29. Ke3 Bxe4 30. Bxe4 Rd7 31. Rec1 Rde7 32. Rxe7 Rxe7 33. Bf5 Kf8
34. Be6 g6 35. Ke4 Re8 36. h4 Re7 37. Rc3 b6 38. a4 Re8 39. a5 bxa5 40. bxa5
Re7 41. Kd4 Re8 42. a6 Re7 43. Rb3 Kg7 44. Rb8 Nf3+ 45. Kc4 Rc7+ 46. Kb4 Re7
47. Rg8+ Kh7 48. Rd8 Kg7 49. Rxd6 Nd2 50. Rd8 Kf6 51. d6 Rxe6 52. Rf8+ Ke5 53.
d7 Rb6+ 54. Kc3 Ne4+ 1/2-1/2